000 00542nam a2200181Ia 4500
008 090124s9999 xx 000 0 und d
082 _b34390
100 _aकर्णिक मधु मंगेश
245 _a निरभ्र
250 _a1
260 _bदिलीप प्रकाशन
_c1997
300 _a136
600 _aकर्णिक मधु मंगेश
630 _a निरभ्र
700 _aकर्णिक मधु मंगेश
730 _a निरभ्र
942 _cBOOK
999 _c100308
_d100308